000 00496nam a2200169Ia 4500
003 GCL
008 140319s9999 xx 000 0 ara d
040 _aGCL /
_cGCL
082 0 4 _a549.121
_bح م
100 1 _aحسام محمد غانم
245 1 0 _aمقاومة واختبار المواد المعدنية /
_cحسام محمد غانم
260 _a[S.N] :
_bدار الراتب الجامعية ،
_c1985
300 _a199
490 _a
650 0 4 _aالمعادن
942 _2ddc
_cBK
999 _c47823
_d47823